[Event "Internet Section 06A g/8'+2\""]
[Site "Dos Hermanas"]
[Date "2004.03.06"]
[Round "5"]
[White "Dounce, Carlos"]
[Black "Nogueira de Andrade, Erwin"]
[Result "0-1"]
[WhiteElo "2026"]
[BlackElo "1620"]
[PlyCount "66"]
[EventDate "2004.03.06"]
[EventType "swiss (blitz)"]
[EventRounds "9"]
[EventCountry "ESP"]
[SourceTitle "CBM 099 Extra"]
[Source "ChessBase"]
[SourceDate "2004.05.04"]
[SourceVersion "1"]
[SourceVersionDate "2004.05.04"]
[SourceQuality "1"]

1. c4 Nf6 2. Nc3 g6 3. e4 d6 4. g3 Bg7 5. Bg2 0-0 6. Nge2 c5 7. d3 Nc6 8. 0-0 Bd7 9. h3 Qc8 10. Kh2 Qc7 11. Be3 a6 12. Qd2 Rab8 13. f4 b5 14. Rad1 b4 15. Nd5 Nxd5 16. exd5 Nd4 17. Nxd4 cxd4 18. Bf2 h6 19. Rfe1 Rfe8 20. Re4 Bf5 21. Rxd4 Bxd4 22. Bxd4 Kh7 23. g4 Bd7 24. f5 b3 25. a3 gxf5 26. gxf5 Bxf5 27. Qf4 e6 28. dxe6 fxe6 29. Be4 Qd7 30. Be3 Qg7 31. Bxf5+ exf5 32. Bd4 Re2+ 33. Kh1 Qg2# 0-1